LIBRARY & INFORMATION CENTRE, KCAET, TAVANUR

ONLINE PUBLIC ACCESS CATALOGUE (OPAC)

Ayyanmarude kudiyetam (Record no. 17505)

MARC details
000 -LEADER
fixed length control field 00283nam a22001217a 4500
003 - CONTROL NUMBER IDENTIFIER
control field OSt
008 - FIXED-LENGTH DATA ELEMENTS--GENERAL INFORMATION
fixed length control field 220304b ||||| |||| 00| 0 eng d
082 ## - DEWEY DECIMAL CLASSIFICATION NUMBER
Classification number 894
Item number SAN/Ay
100 ## - MAIN ENTRY--AUTHOR NAME
Personal name kaanipayur sankaran nambuthiri
245 ## - TITLE STATEMENT
Title Ayyanmarude kudiyetam
260 ## - PUBLICATION, DISTRIBUTION, ETC. (IMPRINT)
Year of publication 1965
942 ## - ADDED ENTRY ELEMENTS (KOHA)
Koha item type Books
Holdings
Withdrawn status Lost status Damaged status Home library Current library Date acquired Cost, normal purchase price Full call number Accession Number Koha item type
Withdrawn   Damaged KAUAET Malayalam University 04/03/2022 2.00 894 SAN/Ay 9290 Books
Withdrawn   Damaged KAUAET Malayalam University 04/03/2022 2.00 894 SAN/Ay 9291 Books
free website counter